Sports Quiz

Random Sports or Cricket Quiz
Score 0/220 Timer 14:00
0 Plays Today
Year Name % Correct
2016Ben Brown
93%
2015Ben Brown
92.3%
2017Ben Brown
92.3%
2014Ben Brown
91.7%
2017Luke Wright
91.6%
2018Ben Brown
91.5%
2013Ben Brown
91.5%
2012Ben Brown
91.5%
2011Ben Brown
91.5%
2018Luke Wright
90.4%
2019Ben Brown
89.6%
2008Chris Adams
89.1%
2007Chris Adams
89.1%
2006Chris Adams
89.1%
2005Chris Adams
89.1%
2004Chris Adams
89.1%
2003Chris Adams
89.1%
2002Chris Adams
89.1%
2001Chris Adams
89.1%
2000Chris Adams
89.1%
2019Chris Jordan
89.1%
2007James Kirtley
89%
2005James Kirtley
89%
2003James Kirtley
89%
2002James Kirtley
89%
2001James Kirtley
89%
2000James Kirtley
89%
2015Chris Nash
88.8%
2009Matt Prior
88.5%
2008Matt Prior
88.5%
2007Matt Prior
88.5%
2005Matt Prior
88.5%
2004Matt Prior
88.5%
2003Matt Prior
88.5%
2002Matt Prior
88.5%
2001Matt Prior
88.5%
2014Matt Prior
87.8%
2015Michael Yardy
87.8%
2013Chris Nash
87.7%
2012Chris Nash
87.7%
2011Chris Nash
87.7%
2010Chris Nash
87.7%
2009Chris Nash
87.7%
2008Chris Nash
87.7%
2007Chris Nash
87.7%
2014Michael Yardy
87.5%
2013Michael Yardy
87.1%
2012Michael Yardy
87.1%
2010Michael Yardy
87.1%
2009Michael Yardy
87.1%
2006Michael Yardy
87.1%
2005Michael Yardy
87.1%
2002Michael Yardy
87.1%
2008Mushtaq Ahmed
86.9%
2007Mushtaq Ahmed
86.9%
2006Mushtaq Ahmed
86.9%
2005Mushtaq Ahmed
86.9%
2004Mushtaq Ahmed
86.9%
2003Mushtaq Ahmed
86.9%
2012Murray Goodwin
86.8%
2011Murray Goodwin
86.8%
2010Murray Goodwin
86.8%
2009Murray Goodwin
86.8%
2008Murray Goodwin
86.8%
2007Murray Goodwin
86.8%
2006Murray Goodwin
86.8%
2005Murray Goodwin
86.8%
2004Murray Goodwin
86.8%
2003Murray Goodwin
86.8%
2002Murray Goodwin
86.8%
2001Murray Goodwin
86.8%
2008Micheal Yardy
86.7%
2015Luke Wright
86.4%
2010Luke Wright
86.1%
Year Name % Correct
2009Luke Wright
86.1%
2008Luke Wright
86.1%
2007Luke Wright
86.1%
2006Luke Wright
86.1%
2009Damien Wright
85.5%
2017Chris Nash
83.9%
2016Luke Wells
82.5%
2016Ed Joyce
81.2%
2010Robin Martin-Jenkins
80.9%
2009Robin Martin-Jenkins
80.9%
2008Robin Martin-Jenkins
80.9%
2006Robin Martin-Jenkins
80.9%
2005Robin Martin-Jenkins
80.9%
2004Robin Martin-Jenkins
80.9%
2003Robin Martin-Jenkins
80.9%
2002Robin Martin-Jenkins
80.9%
2001Robin Martin-Jenkins
80.9%
2000Robin Martin-Jenkins
80.9%
2007Jason Lewry
79%
2006Jason Lewry
79%
2005Jason Lewry
79%
2004Jason Lewry
79%
2003Jason Lewry
79%
2002Jason Lewry
79%
2001Jason Lewry
79%
2000Jason Lewry
79%
2009Tom Smith
78.6%
2015Ed Joyce
77.8%
2018Luke Wells
77.7%
2014Ed Joyce
77.7%
2013Ed Joyce
77.5%
2012Ed Joyce
77.5%
2011Ed Joyce
77.5%
2009Ed Joyce
77.5%
2018Ollie Robinson
77.5%
2014Luke Wells
77.1%
2015Luke Wells
77.1%
2016Ollie Robinson
76.9%
2013Luke Wells
76.6%
2012Luke Wells
76.6%
2011Luke Wells
76.6%
2015Steve Magoffin
76.3%
2019Luke Wells
76.1%
2019Phil Salt
76.1%
2014Steve Magoffin
75.9%
2019Ollie Robinson
75.6%
2018Phil Salt
75%
2013Steve Magoffin
74.8%
2007Richard Montgomerie
74%
2006Richard Montgomerie
74%
2005Richard Montgomerie
74%
2004Richard Montgomerie
74%
2003Richard Montgomerie
74%
2002Richard Montgomerie
74%
2001Richard Montgomerie
74%
2000Richard Montgomerie
74%
2005Tim Ambrose
73.6%
2004Tim Ambrose
73.6%
2003Tim Ambrose
73.6%
2013Chris Jordan
73.3%
2016Steve Magoffin
72.2%
2017Jofra Archer
70.5%
2019Danny Briggs
70.1%
2010Andrew Hodd
69.4%
2006Andrew Hodd
69.4%
2008Carl Hopkinson
68.9%
2007Carl Hopkinson
68.9%
2006Carl Hopkinson
68.9%
2016Ross Taylor
66.8%
2017Stiaan van Zyl
65.9%
2001Mark Robinson
65.4%
2000Mark Robinson
65.4%
2018David Wiese
64.8%
2017David Wiese
64.6%
Year Name % Correct
2018Stiaan van Zyl
64.3%
2016Danny Briggs
64.2%
2019David Wiese
62.7%
2005Ian Ward
62.1%
2004Ian Ward
62.1%
2011Rana Naved
61.7%
2007Rana Naved
61.7%
2014James Anyon
61.6%
2013James Anyon
61.4%
2012James Anyon
61.4%
2011James Anyon
61.4%
2010James Anyon
61.4%
2019Stiaan van Zyl
60.7%
2014Matt Machan
60.4%
2013Monty Panesar
59.7%
2011Monty Panesar
59.7%
2010Monty Panesar
59.7%
2003Tony Cottey
58.1%
2002Tony Cottey
58.1%
2001Tony Cottey
58.1%
2000Tony Cottey
58.1%
2017Harry Finch
57.2%
2016Harry Finch
57.1%
2016Matt Machan
56.8%
2018Harry Finch
56.3%
2012Amjad Khan
54.3%
2011Amjad Khan
54.3%
2019Harry Finch
54.2%
2018Ishant Sharma
54.1%
2013Rory Hamilton-Brown
53.4%
2014Jon Lewis
52.9%
2015Matthew Hobden
52.6%
2018Michael Burgess
52.2%
2017Delray Rawlins
51.8%
2000Michael Bevan
51.7%
2015Tymal Mills
51.6%
2016Ajmal Shahzad
51.2%
2017Laurie Evans
51.2%
2018Stu Whittingham
50.8%
2015Craig Cachopa
50.8%
2002Mark Davis
49.4%
2017Ajmal Shahzad
48.8%
2004Kevin Innes
48.6%
2003Kevin Innes
48.6%
2010Corey Collymore
47.7%
2009Corey Collymore
47.7%
2013Joe Gatting
47.6%
2012Joe Gatting
47.6%
2011Joe Gatting
47.6%
2010Joe Gatting
47.6%
2017Vernon Philander
43.8%
2001Umer Rashid
43.1%
2015Ajmal Shahzad
42.7%
2004Mohammad Akram
42.6%
2001Bas Zuiderent
42.5%
2008Chris Liddle
42.5%
2016George Garton
42.1%
2009Ragheb Aga
41.4%
2008Ragheb Aga
41.4%
2012Naved Arif
38.9%
2011Naved Arif
38.9%
2019Tom Haines
37.3%
2012Lewis Hatchett
36.7%
2014Ashar Zaidi
34.5%
2014Steffan Piolet
33.8%
2019Mir Hamza
32.3%
2010Michael Thornely
31.7%
2002Paul Hutchison
30.6%
2000Toby Peirce
27.9%
2000Nick Wilton
26.2%
2000Will House
25.4%
2006Duncan Spencer
17.2%

You're not logged in!

Compare scores with friends on all Sporcle quizzes.
OR
Log In

Sporcle TV

Today on Sporcle TV


Watch our educational content, quiz creation guides, and fun videos on Sporcle TV.

Show Comments

Extras

Created Sep 25, 2013ReportNominate
Tags:Cricket Quiz, club, counties, Sussex

Top Quizzes Today


Score Distribution

Paid Content

Your Account Isn't Verified!

In order to create a playlist on Sporcle, you need to verify the email address you used during registration. Go to your Sporcle Settings to finish the process.

Report this User

Report this user for behavior that violates our Community Guidelines.

Details: